00000000nam##2200000za#4500
0019.572694
003CaOODSP
00520230202144024
007cr |||||||||||
008150406|1995||||xxc|||||o    f|0| 0 eng|d
040 |aCaOODSP|beng
043 |an-cn---
0861 |aH72-22/4-1995E-PDF
1102 |aNational Clearinghouse on Family Violence (Canada)‏.
24510|aWife abuse / |h[electronic resource]|cprepared by Linda MacLeod.
260 |aOttawa - Ontario : |bHealth Canada. |cSeptember 1995.
300 |a10p.|breferences
4901 |aInformation from the National Clearinghouse on Family Violence
500 |aThe catalogue number (H72-22/4-1995E) and ISBN (0-662-23774-9) for the print edition have been incorrectly copied in this electronic publication.
590 |a11-31-Supp|b2011-12-13
69007|aFamily violence|2gcpds
7201 |aMacLeod, Linda
77508|tLa violence conjugale / |w(CaOODSP)9.603025
7760#|tWife abuse |w(CaOODSP)9.612596
830#0|aInformation from the National Clearinghouse on Family Violence.|w(CaOODSP)9.504469
85640|ahttp://publications.gc.ca|qPDF|s40 KB|uhttps://publications.gc.ca/collections/Collection/H72-22-4-1995E.pdf